000 00538cam a22002052a 4500
001 000192
003 AR-FADEU
008 311216n1977####xxu####################dd
020 _a950-602-000-0
092 _a302.301.9
_bP593p
100 _aPichon-Riviere, Enrique
245 _aEl proceso grupal : Del psicoanálisis a la psicología social. Tomo 1
260 _aBuenos Aires
260 _bNueva Visión
260 _c1977-93
300 _a213 p
440 _aNueva Visión
650 _aPSICOLOGIA SOCIAL-GRUPO
942 _cBDGR
999 _c6036
_d6036